[Event "M?R 2020 v bleskovém ?achu druzstev"]
[Site "Turnov"]
[Date "2020.09.12"]
[Round "18.7"]
[White "Sipek JUN, Oldrich"]
[Black "Habenicht CLI, Martin"]
[Result "1/2-1/2"]
[BlackElo "1844"]
[WhiteElo "1981"]
[LiveChessVersion "1.4.8"]

1. e4 {[%clk 0:03:03]} d5 {[%clk 0:03:04]} 2. e5 {[%clk 0:03:04]} Bf5
{[%clk 0:03:04]} 3. d4 {[%clk 0:03:04]} e6 {[%clk 0:03:05]} 4. Nf3
{[%clk 0:03:05]} c5 {[%clk 0:03:06]} 5. c3 {[%clk 0:03:06]} Nc6 {[%clk 0:03:07]}
6. Be2 {[%clk 0:03:03]} h6 {[%clk 0:03:02]} 7. O-O {[%clk 0:03:03]} Qb6
{[%clk 0:02:52]} 8. dxc5 {[%clk 0:02:53]} Bxc5 {[%clk 0:02:49]} 9. b4
{[%clk 0:02:52]} Be7 {[%clk 0:02:39]} 10. Be3 {[%clk 0:02:46]} Qc7
{[%clk 0:02:37]} 11. Bd4 {[%clk 0:02:43]} g5 {[%clk 0:01:54]} 12. Na3
{[%clk 0:02:35]} a6 {[%clk 0:01:40]} 13. b5 {[%clk 0:02:36]} Nxd4
{[%clk 0:01:34]} 14. Nxd4 {[%clk 0:02:28]} Bxa3 {[%clk 0:01:30]} 15. Nxf5
{[%clk 0:02:27]} exf5 {[%clk 0:01:31]} 16. Qxd5 {[%clk 0:02:27]} Rd8
{[%clk 0:01:20]} 17. Qb3 {[%clk 0:02:28]} Bc5 {[%clk 0:01:15]} 18. bxa6
{[%clk 0:02:27]} bxa6 {[%clk 0:01:14]} 19. Bxa6 {[%clk 0:02:27]} Ne7
{[%clk 0:01:08]} 20. Bb5+ {[%clk 0:02:25]} Kf8 {[%clk 0:00:59]} 21. a4
{[%clk 0:02:17]} Kg7 {[%clk 0:00:53]} 22. Bc4 {[%clk 0:02:12]} Rhf8
{[%clk 0:00:50]} 23. a5 {[%clk 0:02:10]} Nc6 {[%clk 0:00:47]} 24. e6
{[%clk 0:02:02]} fxe6 {[%clk 0:00:33]} 25. Bxe6 {[%clk 0:02:03]} Nxa5
{[%clk 0:00:29]} 26. Qb5 {[%clk 0:02:03]} Bb6 {[%clk 0:00:19]} 27. Bxf5
{[%clk 0:01:51]} Rf6 {[%clk 0:00:08]} 28. g4 {[%clk 0:01:25]} Qc6
{[%clk 0:00:07]} 29. Rxa5 {[%clk 0:01:21]} Bxa5 {[%clk 0:00:07]} 30. Qxa5
{[%clk 0:01:20]} Rc8 {[%clk 0:00:06]} 31. Rd1 {[%clk 0:01:17]} Rc7
{[%clk 0:00:06]} 32. Qb4 {[%clk 0:00:46]} Qxc3 {[%clk 0:00:04]} 33. Rd7+
{[%clk 0:00:44]} Rf7 {[%clk 0:00:03]} 34. Rxf7+ {[%clk 0:00:35]} Kxf7
{[%clk 0:00:04]} 35. Qe4 {[%clk 0:00:36]} Qc1+ {[%clk 0:00:04]} 36. Kg2
{[%clk 0:00:37]} Qc6 {[%clk 0:00:06]} 37. Kf3 {[%clk 0:00:37]} Qxe4+
{[%clk 0:00:06]} 38. Kxe4 {[%clk 0:00:38]} Kf6 {[%clk 0:00:08]} 39. Kf3
{[%clk 0:00:35]} Rc3+ {[%clk 0:00:08]} 40. Ke2 {[%clk 0:00:33]} Ke5
{[%clk 0:00:10]} 41. f3 {[%clk 0:00:28]} Ra3 {[%clk 0:00:11]} 42. Kf2
{[%clk 0:00:22]} Kf4 {[%clk 0:00:12]} 43. Be4 {[%clk 0:00:20]} Ra2+
{[%clk 0:00:13]} 44. Kg1 {[%clk 0:00:21]} Ke3 {[%clk 0:00:10]} 45. Bd5
{[%clk 0:00:21]} Rb2 {[%clk 0:00:11]} 46. Be4 {[%clk 0:00:22]} Rd2
{[%clk 0:00:11]} 47. Bc6 {[%clk 0:00:22]} Kf4 {[%clk 0:00:11]} 48. Be4
{[%clk 0:00:21]} Re2 {[%clk 0:00:11]} 49. Bc6 {[%clk 0:00:21]} Re3
{[%clk 0:00:12]} 50. Bb7 {[%clk 0:00:19]} Rb3 {[%clk 0:00:11]} 51. Be4
{[%clk 0:00:20]} Rxf3 {[%clk 0:00:11]} 52. Bxf3 {[%clk 0:00:20]} Kxf3
{[%clk 0:00:12]} 53. Kf1 {[%clk 0:00:19]} Kxg4 {[%clk 0:00:13]} 54. Kg2
{[%clk 0:00:21]} h5 {[%clk 0:00:15]} 55. h3+ {[%clk 0:00:21]} Kf4
{[%clk 0:00:16]} 56. Kf2 {[%clk 0:00:22]} Kf5 {[%clk 0:00:14]} 57. Kf3
{[%clk 0:00:24]} Ke5 {[%clk 0:00:15]} 58. Kg3 {[%clk 0:00:23]} Ke4
{[%clk 0:00:16]} 59. Kg2 {[%clk 0:00:19]} Ke3 {[%clk 0:00:16]} 60. Kg3 Ke4 61.
Kg2 {[%clk 0:00:22]} Kf4 {[%clk 0:00:19]} 62. Kf2 {[%clk 0:00:23]} g4
{[%clk 0:00:19]} 63. hxg4 {[%clk 0:00:24]} hxg4 {[%clk 0:00:20]} 64. Kg2
{[%clk 0:00:26]} g3 {[%clk 0:00:21]} 65. Kg1 {[%clk 0:00:26]} Kg4
{[%clk 0:00:22]} 66. Kg2 {[%clk 0:00:28]} Kf4 {[%clk 0:00:23]} 67. Kg1
{[%clk 0:00:29]} Kf3 {[%clk 0:00:24]} 68. Kf1 {[%clk 0:00:30]} g2+
{[%clk 0:00:26]} 69. Kg1 {[%clk 0:00:32]} Kg3 1/2-1/2

[Event "M?R 2020 v bleskovém ?achu druzstev"]
[Site "Turnov"]
[Date "2020.09.12"]
[Round "18.8"]
[White "Sichrovsky CLI, Tomas"]
[Black "Tioka JUN, Zdenek"]
[Result "0-1"]
[BlackElo "1879"]
[WhiteElo "1527"]
[LiveChessVersion "1.4.8"]

1. d4 {[%clk 0:03:02]} d6 {[%clk 0:03:03]} 2. Bf4 {[%clk 0:03:01]} Nf6
{[%clk 0:03:03]} 3. Nf3 {[%clk 0:03:02]} g6 {[%clk 0:03:04]} 4. e3
{[%clk 0:03:03]} Bg7 {[%clk 0:03:05]} 5. Bd3 {[%clk 0:03:04]} c6 {[%clk 0:03:06]}
6. Nbd2 {[%clk 0:03:05]} Nbd7 {[%clk 0:03:05]} 7. c3 {[%clk 0:03:06]} a6
{[%clk 0:03:03]} 8. e4 {[%clk 0:03:03]} Nh5 {[%clk 0:02:58]} 9. Bg3
{[%clk 0:03:04]} e5 {[%clk 0:02:55]} 10. Qe2 {[%clk 0:02:57]} Nf4
{[%clk 0:02:55]} 11. Bxf4 {[%clk 0:02:57]} exf4 {[%clk 0:02:55]} 12. O-O
{[%clk 0:02:37]} O-O {[%clk 0:02:55]} 13. Rae1 {[%clk 0:02:20]} Qc7
{[%clk 0:02:55]} 14. g3 {[%clk 0:02:14]} fxg3 {[%clk 0:02:43]} 15. fxg3
{[%clk 0:02:14]} Nf6 {[%clk 0:02:41]} 16. Ng5 {[%clk 0:01:59]} h6
{[%clk 0:02:21]} 17. Ngf3 {[%clk 0:02:00]} Bh3 {[%clk 0:02:20]} 18. e5
{[%clk 0:01:29]} Ng4 {[%clk 0:02:02]} 19. Nh4 {[%clk 0:01:20]} dxe5
{[%clk 0:01:53]} 20. dxe5 {[%clk 0:01:04]} Bxf1 {[%clk 0:01:45]} 21. Rxf1
{[%clk 0:01:04]} Nxe5 {[%clk 0:01:43]} 22. Nc4 {[%clk 0:00:54]} Nxd3
{[%clk 0:01:42]} 23. Qxd3 {[%clk 0:00:54]} Rad8 {[%clk 0:01:40]} 24. Qf3
{[%clk 0:00:52]} b5 {[%clk 0:01:38]} 25. Ne3 {[%clk 0:00:35]} Qe5
{[%clk 0:01:28]} 26. Ng4 {[%clk 0:00:32]} Qc5+ {[%clk 0:01:27]} 27. Kg2
{[%clk 0:00:30]} Rd2+ {[%clk 0:01:26]} 28. Rf2 {[%clk 0:00:31]} Rxf2+
{[%clk 0:01:26]} 29. Nxf2 {[%clk 0:00:32]} Qd5 {[%clk 0:01:18]} 30. Ne4
{[%clk 0:00:28]} Re8 {[%clk 0:01:14]} 31. Nf2 {[%clk 0:00:23]} Re2
{[%clk 0:01:07]} 32. Qxd5 {[%clk 0:00:20]} cxd5 {[%clk 0:01:08]} 33. b3
{[%clk 0:00:21]} Rxa2 {[%clk 0:01:08]} 34. c4 {[%clk 0:00:18]} bxc4
{[%clk 0:01:08]} 35. bxc4 {[%clk 0:00:19]} dxc4 {[%clk 0:01:09]} 36. Nf3
{[%clk 0:00:21]} c3 {[%clk 0:01:08]} 37. Kf1 {[%clk 0:00:19]} f5 {[%clk 0:01:02]}
38. Nd3 {[%clk 0:00:18]} a5 {[%clk 0:01:00]} 0-1

[Event "M?R 2020 v bleskovém ?achu druzstev"]
[Site "Turnov"]
[Date "2020.09.12"]
[Round "19.1"]
[White "Vokoun PAN_B, Jan"]
[Black "Kraus TUR_A, Tomas"]
[Result "0-1"]
[BlackElo "2417"]
[WhiteElo "2012"]
[LiveChessVersion "1.4.8"]

1. c4 {[%clk 0:03:02]} e6 {[%clk 0:03:02]} 2. Nf3 {[%clk 0:02:58]} d5
{[%clk 0:03:03]} 3. e3 {[%clk 0:02:52]} Nf6 {[%clk 0:03:04]} 4. b3
{[%clk 0:02:53]} c5 {[%clk 0:03:05]} 5. Bb2 {[%clk 0:02:44]} Nc6 {[%clk 0:03:06]}
6. cxd5 {[%clk 0:02:44]} exd5 {[%clk 0:03:05]} 7. Be2 {[%clk 0:02:40]} d4
{[%clk 0:04:15]} 8. exd4 {[%clk 0:02:27]} cxd4 {[%clk 0:02:57]} 9. Bb5
{[%clk 0:02:14]} Bc5 {[%clk 0:02:44]} 10. Qe2+ {[%clk 0:01:58]} Be6
{[%clk 0:02:07]} 11. Ng5 {[%clk 0:01:47]} Qd6 {[%clk 0:01:35]} 12. Nxe6
{[%clk 0:01:12]} fxe6 {[%clk 0:01:32]} 13. O-O {[%clk 0:01:01]} O-O
{[%clk 0:01:19]} 14. d3 {[%clk 0:00:36]} Nd5 {[%clk 0:00:49]} 15. g3
{[%clk 0:00:30]} Ne5 {[%clk 0:00:42]} 16. Nd2 {[%clk 0:00:21]} Nc3
{[%clk 0:00:16]} 17. Bxc3 {[%clk 0:00:08]} dxc3 {[%clk 0:00:18]} 18. Ne4
{[%clk 0:00:09]} Qd4 {[%clk 0:00:20]} 19. Nxc5 Qxc5 20. Bc4 Nf3+ 21. Kh1 Nd4 22.
Qe4 Rfe8 0-1

[Event "M?R 2020 v bleskovém ?achu druzstev"]
[Site "Turnov"]
[Date "2020.09.12"]
[Round "19.2"]
[White "Simacek TUR_A, Pavel"]
[Black "Postupa PAN_B, Martin"]
[Result "1-0"]
[BlackElo "1992"]
[WhiteElo "2407"]
[LiveChessVersion "1.4.8"]

1. e4 {[%clk 0:03:02]} e5 {[%clk 0:03:04]} 2. Nf3 {[%clk 0:03:03]} Nc6
{[%clk 0:03:05]} 3. c3 {[%clk 0:03:04]} d6 {[%clk 0:03:02]} 4. d4
{[%clk 0:03:04]} g6 {[%clk 0:02:59]} 5. dxe5 {[%clk 0:02:53]} dxe5
{[%clk 0:02:59]} 6. Qxd8+ {[%clk 0:02:53]} Kxd8 {[%clk 0:02:59]} 7. Bc4
{[%clk 0:02:53]} Ke7 {[%clk 0:02:58]} 8. Be3 {[%clk 0:02:40]} Bg7
{[%clk 0:02:42]} 9. Na3 {[%clk 0:02:36]} a6 {[%clk 0:02:39]} 10. O-O-O
{[%clk 0:02:32]} Nf6 {[%clk 0:02:24]} 11. Bc5+ {[%clk 0:02:29]} Ke8
{[%clk 0:02:16]} 12. Ng5 {[%clk 0:02:30]} Rf8 {[%clk 0:02:10]} 13. Bxf8
{[%clk 0:02:24]} Kxf8 {[%clk 0:02:07]} 14. Nxf7 {[%clk 0:02:13]} Nxe4
{[%clk 0:01:51]} 15. Nd8 {[%clk 0:02:08]} Na5 {[%clk 0:01:35]} 16. Ne6+
{[%clk 0:02:02]} Bxe6 {[%clk 0:01:34]} 17. Bxe6 {[%clk 0:02:03]} Bh6+
{[%clk 0:01:14]} 18. Kc2 {[%clk 0:01:46]} Ke7 {[%clk 0:01:15]} 19. Rde1
{[%clk 0:01:47]} Nxf2 {[%clk 0:01:06]} 20. Rhf1 {[%clk 0:01:46]} Kxe6
{[%clk 0:00:57]} 21. Rxf2 {[%clk 0:01:47]} Bg7 {[%clk 0:00:48]} 22. Ref1
{[%clk 0:01:40]} Rg8 {[%clk 0:00:39]} 23. Rf7 {[%clk 0:01:38]} Kd6
{[%clk 0:00:37]} 24. Rd1+ {[%clk 0:01:37]} Kc6 {[%clk 0:00:31]} 25. b4
{[%clk 0:01:34]} 1-0

[Event "M?R 2020 v bleskovém ?achu druzstev"]
[Site "Turnov"]
[Date "2020.09.12"]
[Round "19.3"]
[White "Melich PAN_B, Jindrich"]
[Black "Vykouk TUR_A, Jan"]
[Result "0-1"]
[BlackElo "2374"]
[WhiteElo "1924"]
[LiveChessVersion "1.4.8"]

1. b4 {[%clk 0:03:03]} e5 {[%clk 0:03:01]} 2. Bb2 {[%clk 0:03:05]} Bxb4
{[%clk 0:02:56]} 3. Bxe5 {[%clk 0:03:05]} Nf6 {[%clk 0:02:57]} 4. e3
{[%clk 0:03:06]} Nc6 {[%clk 0:02:57]} 5. Bxf6 {[%clk 0:03:07]} Qxf6
{[%clk 0:02:57]} 6. c3 {[%clk 0:03:08]} Be7 {[%clk 0:02:45]} 7. d4
{[%clk 0:03:07]} d5 {[%clk 0:02:41]} 8. Bd3 {[%clk 0:03:08]} O-O {[%clk 0:02:38]}
9. Ne2 {[%clk 0:03:08]} Bd6 {[%clk 0:02:30]} 10. Nd2 {[%clk 0:02:46]} Bf5
{[%clk 0:02:22]} 11. Qc2 {[%clk 0:02:29]} Bxd3 {[%clk 0:02:21]} 12. Qxd3
{[%clk 0:02:30]} a6 {[%clk 0:02:21]} 13. O-O {[%clk 0:02:15]} Rfe8
{[%clk 0:02:18]} 14. a4 {[%clk 0:02:07]} Nd8 {[%clk 0:02:04]} 15. Ng3
{[%clk 0:01:53]} g6 {[%clk 0:02:01]} 16. Rfe1 {[%clk 0:01:44]} Ne6
{[%clk 0:01:08]} 17. e4 dxe4 {[%clk 0:01:08]} 18. Ndxe4 {[%clk 0:01:24]} Qf4
{[%clk 0:00:59]} 19. Nxd6 {[%clk 0:01:17]} Qxd6 {[%clk 0:00:53]} 20. Rab1
{[%clk 0:00:58]} b6 {[%clk 0:00:40]} 21. Ne4 {[%clk 0:00:53]} Qf4
{[%clk 0:00:39]} 22. Qg3 {[%clk 0:00:15]} Qxg3 {[%clk 0:00:35]} 23. hxg3
{[%clk 0:00:16]} Kg7 {[%clk 0:00:35]} 24. Kf1 {[%clk 0:00:16]} f5
{[%clk 0:00:24]} 25. Nd2 {[%clk 0:00:15]} Ng5 {[%clk 0:00:20]} 26. Rxe8
{[%clk 0:00:15]} Rxe8 {[%clk 0:00:21]} 27. Re1 {[%clk 0:00:16]} Rxe1+ 28. Kxe1
{[%clk 0:00:18]} Kf6 {[%clk 0:00:17]} 29. Ke2 {[%clk 0:00:19]} Ke6 30. Kd3 Nf7
{[%clk 0:00:11]} 31. Nc4 {[%clk 0:00:17]} b5 {[%clk 0:00:08]} 32. axb5
{[%clk 0:00:16]} axb5 {[%clk 0:00:10]} 33. Ne3 {[%clk 0:00:16]} c6
{[%clk 0:00:09]} 34. c4 {[%clk 0:00:16]} bxc4+ {[%clk 0:00:08]} 35. Kxc4
{[%clk 0:00:17]} Nd6+ {[%clk 0:00:08]} 36. Kd3 {[%clk 0:00:17]} Ne4
{[%clk 0:00:08]} 37. Nd1 {[%clk 0:00:17]} h5 {[%clk 0:00:06]} 38. Ke3
{[%clk 0:00:18]} Nf6 {[%clk 0:00:07]} 39. f3 {[%clk 0:00:18]} Nd5+ 40. Kd3 f4
{[%clk 0:00:06]} 41. g4 {[%clk 0:00:18]} hxg4 {[%clk 0:00:06]} 42. fxg4
{[%clk 0:00:20]} Kf6 {[%clk 0:00:05]} 43. Ke4 {[%clk 0:00:21]} Kg5
{[%clk 0:00:06]} 44. Nf2 {[%clk 0:00:21]} Ne3 {[%clk 0:00:03]} 45. Ke5
{[%clk 0:00:20]} Nxg4+ {[%clk 0:00:03]} 46. Nxg4 {[%clk 0:00:19]} Kxg4
{[%clk 0:00:04]} 47. Kd6 {[%clk 0:00:21]} Kg3 {[%clk 0:00:05]} 48. Kxc6 Kxg2 49.
d5 f3 {[%clk 0:00:07]} 50. d6 {[%clk 0:00:26]} f2 {[%clk 0:00:08]} 51. d7
{[%clk 0:00:27]} f1=Q {[%clk 0:00:08]} 52. d8=Q {[%clk 0:00:29]} Qf3+
{[%clk 0:00:09]} 53. Kc5 Qf5+ 54. Kd4 {[%clk 0:00:26]} g5 {[%clk 0:00:09]} 55.
Qe7 {[%clk 0:00:25]} Qf4+ {[%clk 0:00:09]} 56. Kd3 {[%clk 0:00:25]} Qf3+
{[%clk 0:00:11]} 57. Kd4 {[%clk 0:00:26]} g4 {[%clk 0:00:11]} 58. Qh4
{[%clk 0:00:22]} Qf2+ {[%clk 0:00:12]} 0-1

[Event "M?R 2020 v bleskovém ?achu druzstev"]
[Site "Turnov"]
[Date "2020.09.12"]
[Round "19.4"]
[White "Studnicka TUR_A, Tomas"]
[Black "Krouzel PAN_B, Jaroslav"]
[Result "1-0"]
[BlackElo "1969"]
[WhiteElo "2155"]
[LiveChessVersion "1.4.8"]

1. d4 {[%clk 0:03:03]} f5 {[%clk 0:03:03]} 2. g3 {[%clk 0:03:03]} Nf6
{[%clk 0:03:02]} 3. Bg2 {[%clk 0:03:05]} e6 {[%clk 0:02:59]} 4. Nf3
{[%clk 0:03:04]} d5 {[%clk 0:03:00]} 5. b3 {[%clk 0:03:01]} c6 {[%clk 0:03:00]}
6. O-O {[%clk 0:03:02]} Bd6 {[%clk 0:03:00]} 7. Ba3 {[%clk 0:03:03]} O-O
{[%clk 0:02:59]} 8. c4 {[%clk 0:03:03]} Bxa3 {[%clk 0:02:59]} 9. Nxa3
{[%clk 0:03:05]} Nbd7 {[%clk 0:02:58]} 10. Qc2 {[%clk 0:02:53]} Ne4
{[%clk 0:02:54]} 11. e3 {[%clk 0:02:53]} Qa5 {[%clk 0:02:43]} 12. Qb2
{[%clk 0:02:52]} Ndf6 {[%clk 0:02:35]} 13. Rfc1 {[%clk 0:02:43]} Bd7
{[%clk 0:02:30]} 14. b4 {[%clk 0:02:41]} Qa4 {[%clk 0:02:26]} 15. Qb3
{[%clk 0:02:07]} Qxb3 {[%clk 0:02:22]} 16. axb3 {[%clk 0:02:07]} Rfc8
{[%clk 0:02:16]} 17. Nc2 {[%clk 0:01:59]} h6 {[%clk 0:02:09]} 18. Nce1
{[%clk 0:01:59]} Be8 {[%clk 0:01:59]} 19. Nd3 {[%clk 0:01:59]} a6 20. Rc2
{[%clk 0:01:53]} Nd6 {[%clk 0:01:44]} 21. Nfe5 {[%clk 0:01:48]} Nf7
{[%clk 0:01:40]} 22. Nc5 {[%clk 0:01:40]} Rab8 {[%clk 0:01:28]} 23. Nxe6
{[%clk 0:01:28]} Nxe5 {[%clk 0:01:20]} 24. dxe5 {[%clk 0:01:28]} Ng4
{[%clk 0:01:19]} 25. cxd5 {[%clk 0:01:09]} cxd5 {[%clk 0:01:04]} 26. Rac1
{[%clk 0:01:10]} Rxc2 {[%clk 0:00:57]} 27. Rxc2 {[%clk 0:01:12]} Nxe5
{[%clk 0:00:43]} 28. Bxd5 {[%clk 0:01:00]} Bf7 {[%clk 0:00:43]} 29. Nf4
{[%clk 0:01:00]} Bxd5 {[%clk 0:00:37]} 30. Nxd5 {[%clk 0:01:01]} Rd8
{[%clk 0:00:07]} 31. Ne7+ {[%clk 0:01:01]} Kf8 {[%clk 0:00:06]} 32. Nxf5
{[%clk 0:01:02]} Nf3+ {[%clk 0:00:07]} 33. Kf1 {[%clk 0:00:57]} Nxh2+
{[%clk 0:00:08]} 34. Ke2 {[%clk 0:00:56]} Ng4 {[%clk 0:00:09]} 35. Rc7
{[%clk 0:00:49]} Rd5 {[%clk 0:00:04]} 36. Nd4 {[%clk 0:00:47]} 1-0

[Event "M?R 2020 v bleskovém ?achu druzstev"]
[Site "Turnov"]
[Date "2020.09.12"]
[Round "19.5"]
[White "Polak MOR_A, Tomas"]
[Black "Novotny RIC, Martin"]
[Result "1-0"]
[BlackElo "1914"]
[WhiteElo "2476"]
[LiveChessVersion "1.4.8"]

1. d4 {[%clk 0:03:02]} Nf6 {[%clk 0:03:03]} 2. c4 {[%clk 0:03:04]} c5
{[%clk 0:03:04]} 3. e3 {[%clk 0:03:05]} cxd4 {[%clk 0:03:03]} 4. exd4
{[%clk 0:03:06]} g6 {[%clk 0:03:03]} 5. Nc3 {[%clk 0:03:07]} Bg7 {[%clk 0:03:05]}
6. Nge2 {[%clk 0:02:53]} O-O 7. g3 d5 {[%clk 0:02:43]} 8. c5 {[%clk 0:02:55]} Nc6
{[%clk 0:02:39]} 9. Bg2 {[%clk 0:02:56]} e6 {[%clk 0:02:28]} 10. O-O
{[%clk 0:02:55]} b6 {[%clk 0:02:26]} 11. Na4 {[%clk 0:02:41]} Bd7
{[%clk 0:02:07]} 12. Bf4 {[%clk 0:02:36]} Ne8 {[%clk 0:01:47]} 13. Rc1
{[%clk 0:02:31]} Rc8 {[%clk 0:01:44]} 14. a3 {[%clk 0:02:27]} h6 {[%clk 0:01:16]}
15. b4 {[%clk 0:02:21]} g5 {[%clk 0:01:08]} 16. Be3 {[%clk 0:02:21]} b5
{[%clk 0:01:04]} 17. Nac3 {[%clk 0:02:17]} a6 {[%clk 0:01:06]} 18. Qd2
{[%clk 0:02:13]} f5 {[%clk 0:00:51]} 19. h4 {[%clk 0:02:07]} gxh4
{[%clk 0:00:45]} 20. Bxh6 {[%clk 0:02:06]} Qf6 {[%clk 0:00:40]} 21. Be3
{[%clk 0:02:02]} hxg3 {[%clk 0:00:37]} 22. fxg3 {[%clk 0:02:03]} Qf7
{[%clk 0:00:22]} 23. Nf4 {[%clk 0:02:01]} Nf6 {[%clk 0:00:23]} 24. Bf3
{[%clk 0:01:55]} Ne4 {[%clk 0:00:14]} 25. Nxe4 {[%clk 0:01:49]} dxe4
{[%clk 0:00:15]} 26. Bh5 {[%clk 0:01:49]} Qf6 {[%clk 0:00:14]} 27. Rcd1 Rfd8 28.
Qh2 {[%clk 0:01:30]} Be8 {[%clk 0:00:16]} 29. d5 {[%clk 0:01:23]} exd5
{[%clk 0:00:10]} 30. Nxd5 {[%clk 0:01:24]} Qe6 {[%clk 0:00:07]} 31. Nf4
{[%clk 0:01:13]} Qe7 {[%clk 0:00:06]} 32. Bxe8 {[%clk 0:01:08]} Rxe8
{[%clk 0:00:07]} 33. Qh5 {[%clk 0:01:07]} Rf8 {[%clk 0:00:06]} 34. Ng6
{[%clk 0:01:07]} Qf7 {[%clk 0:00:05]} 35. g4 {[%clk 0:00:57]} Ne5
{[%clk 0:00:04]} 36. Nxf8 {[%clk 0:00:47]} Rxf8 {[%clk 0:00:03]} 37. Qxf7+
{[%clk 0:00:45]} Rxf7 {[%clk 0:00:04]} 38. Rxf5 {[%clk 0:00:44]} Nxg4
{[%clk 0:00:03]} 39. Rd8+ {[%clk 0:00:42]} Bf8 1-0

[Event "M?R 2020 v bleskovém ?achu druzstev"]
[Site "Turnov"]
[Date "2020.09.12"]
[Round "19.6"]
[White "Nemec RIC, Jachym"]
[Black "Zeman MOR_A, Matyas"]
[Result "1-0"]
[BlackElo "2197"]
[WhiteElo "2002"]
[LiveChessVersion "1.4.8"]

1. d4 {[%clk 0:03:02]} e6 {[%clk 0:03:02]} 2. Nf3 {[%clk 0:03:03]} f5
{[%clk 0:03:01]} 3. g3 {[%clk 0:02:58]} Nf6 {[%clk 0:03:02]} 4. Bg2
{[%clk 0:02:59]} Be7 {[%clk 0:03:03]} 5. O-O {[%clk 0:02:59]} O-O
{[%clk 0:03:03]} 6. c4 {[%clk 0:02:56]} d6 {[%clk 0:03:04]} 7. Nc3
{[%clk 0:02:54]} Ne4 {[%clk 0:03:05]} 8. Nd2 {[%clk 0:02:41]} Nxc3
{[%clk 0:02:40]} 9. bxc3 {[%clk 0:02:41]} d5 {[%clk 0:02:33]} 10. cxd5
{[%clk 0:02:39]} exd5 {[%clk 0:02:34]} 11. Qb3 {[%clk 0:02:29]} c6
{[%clk 0:02:36]} 12. Bb2 {[%clk 0:02:18]} Nd7 {[%clk 0:02:09]} 13. c4
{[%clk 0:02:15]} Nb6 {[%clk 0:01:59]} 14. cxd5 {[%clk 0:02:06]} Nxd5
{[%clk 0:01:59]} 15. Bxd5+ {[%clk 0:01:59]} Qxd5 {[%clk 0:01:59]} 16. Qxd5+
{[%clk 0:01:58]} cxd5 {[%clk 0:02:00]} 17. Nf3 {[%clk 0:01:55]} Bd7
{[%clk 0:01:58]} 18. Rfc1 {[%clk 0:01:42]} Rfc8 {[%clk 0:01:51]} 19. Ne5
{[%clk 0:01:41]} Be6 {[%clk 0:01:38]} 20. Kf1 {[%clk 0:01:29]} Bd6
{[%clk 0:01:35]} 21. Nd3 {[%clk 0:01:29]} b6 {[%clk 0:01:25]} 22. a4
{[%clk 0:01:27]} Rc4 {[%clk 0:01:20]} 23. Ke1 {[%clk 0:00:47]} Rac8
{[%clk 0:01:03]} 24. Kd2 {[%clk 0:00:48]} a5 {[%clk 0:00:47]} 25. Ba3
{[%clk 0:00:30]} Bxa3 {[%clk 0:00:35]} 26. Rxa3 {[%clk 0:00:31]} Rxc1
{[%clk 0:00:23]} 27. Nxc1 {[%clk 0:00:31]} Bd7 {[%clk 0:00:24]} 28. Nd3
{[%clk 0:00:25]} Rc4 {[%clk 0:00:10]} 29. Rb3 {[%clk 0:00:26]} Rxa4
{[%clk 0:00:06]} 30. Rxb6 {[%clk 0:00:26]} Rxd4 {[%clk 0:00:07]} 31. Ke3
{[%clk 0:00:27]} Re4+ {[%clk 0:00:06]} 32. Kf3 {[%clk 0:00:28]} g5
{[%clk 0:00:03]} 33. Nc5 {[%clk 0:00:28]} Re7 {[%clk 0:00:04]} 34. Rb7
{[%clk 0:00:26]} a4 1-0

[Event "M?R 2020 v bleskovém ?achu druzstev"]
[Site "Turnov"]
[Date "2020.09.12"]
[Round "19.7"]
[White "Kusa MOR_A, Jakub"]
[Black "Smolik RIC, Jachym"]
[Result "1-0"]
[BlackElo "1852"]
[WhiteElo "1998"]
[LiveChessVersion "1.4.8"]

1. e4 {[%clk 0:03:03]} c5 {[%clk 0:03:04]} 2. Nf3 {[%clk 0:03:04]} e6
{[%clk 0:03:05]} 3. d4 {[%clk 0:03:02]} cxd4 {[%clk 0:03:06]} 4. Nxd4
{[%clk 0:03:03]} Nc6 {[%clk 0:03:07]} 5. Nc3 {[%clk 0:03:03]} Qc7
{[%clk 0:03:08]} 6. f4 {[%clk 0:03:04]} a6 7. Nxc6 {[%clk 0:03:04]} bxc6
{[%clk 0:03:04]} 8. Be3 {[%clk 0:02:59]} Bb4 {[%clk 0:02:58]} 9. Bd3
{[%clk 0:02:59]} Nf6 {[%clk 0:02:57]} 10. O-O {[%clk 0:02:57]} d5
{[%clk 0:02:46]} 11. e5 {[%clk 0:02:56]} Nd7 {[%clk 0:02:42]} 12. a3
{[%clk 0:02:52]} Bxc3 {[%clk 0:02:30]} 13. bxc3 {[%clk 0:02:52]} c5
{[%clk 0:02:31]} 14. c4 {[%clk 0:02:45]} d4 {[%clk 0:02:29]} 15. Bf2
{[%clk 0:02:43]} Bb7 {[%clk 0:02:28]} 16. Qg4 {[%clk 0:02:32]} g6
{[%clk 0:02:28]} 17. Bh4 {[%clk 0:02:28]} a5 {[%clk 0:01:57]} 18. Rab1
{[%clk 0:02:22]} Bc6 {[%clk 0:01:47]} 19. Qg5 {[%clk 0:02:22]} Nb8
{[%clk 0:01:13]} 20. Qh6 {[%clk 0:02:10]} f5 {[%clk 0:00:44]} 21. exf6
{[%clk 0:02:03]} Qf7 {[%clk 0:00:42]} 22. Qg5 {[%clk 0:01:56]} Nd7
{[%clk 0:00:39]} 23. Rfe1 {[%clk 0:01:46]} O-O {[%clk 0:00:40]} 24. Qg4
{[%clk 0:01:41]} Rae8 {[%clk 0:00:36]} 25. Bg5 {[%clk 0:01:05]} Nxf6
{[%clk 0:00:36]} 26. Qh4 {[%clk 0:01:05]} Nh5 {[%clk 0:00:34]} 27. Be4
{[%clk 0:00:52]} Bxe4 {[%clk 0:00:32]} 28. Rxe4 {[%clk 0:00:52]} Qf5
{[%clk 0:00:28]} 29. Rbe1 {[%clk 0:00:50]} e5 {[%clk 0:00:18]} 30. g4
{[%clk 0:00:46]} Qd7 {[%clk 0:00:12]} 31. gxh5 {[%clk 0:00:43]} exf4
{[%clk 0:00:10]} 32. hxg6 {[%clk 0:00:38]} hxg6 {[%clk 0:00:03]} 33. Bf6
{[%clk 0:00:30]} 1-0

[Event "M?R 2020 v bleskovém ?achu druzstev"]
[Site "Turnov"]
[Date "2020.09.12"]
[Round "19.8"]
[White "Strnad RIC, Michael"]
[Black "Pychova MOR_A, Nela"]
[Result "0-1"]
[BlackElo "2159"]
[WhiteElo "1520"]
[LiveChessVersion "1.4.8"]

1. e4 {[%clk 0:03:02]} c5 {[%clk 0:03:03]} 2. d4 {[%clk 0:03:03]} cxd4 3. c3 d3
{[%clk 0:02:57]} 4. Bxd3 {[%clk 0:03:05]} Nc6 {[%clk 0:02:57]} 5. Nf3
{[%clk 0:02:59]} g6 {[%clk 0:02:56]} 6. O-O {[%clk 0:02:47]} Bg7 7. Bc2
{[%clk 0:02:42]} d6 {[%clk 0:02:55]} 8. Re1 {[%clk 0:02:37]} Nf6 {[%clk 0:02:49]}
9. Nbd2 {[%clk 0:02:21]} O-O {[%clk 0:02:49]} 10. Nb3 {[%clk 0:02:19]} Bd7
{[%clk 0:02:44]} 11. Nbd4 {[%clk 0:02:16]} a6 {[%clk 0:02:39]} 12. Be3
{[%clk 0:02:05]} b5 {[%clk 0:02:38]} 13. a4 {[%clk 0:01:50]} Rb8 {[%clk 0:02:21]}
14. axb5 {[%clk 0:01:47]} axb5 {[%clk 0:02:22]} 15. Nxc6 {[%clk 0:01:34]} Bxc6
{[%clk 0:02:22]} 16. Ba7 {[%clk 0:01:34]} Ra8 {[%clk 0:02:02]} 17. Nd4
{[%clk 0:01:32]} Bd7 {[%clk 0:01:53]} 18. Bd3 {[%clk 0:01:18]} Qc7
{[%clk 0:01:53]} 19. Nxb5 {[%clk 0:00:30]} Bxb5 {[%clk 0:01:52]} 20. Bxb5
{[%clk 0:00:28]} Rxa7 {[%clk 0:01:53]} 21. c4 {[%clk 0:00:26]} Rfa8
{[%clk 0:01:50]} 22. Rxa7 {[%clk 0:00:23]} Rxa7 {[%clk 0:01:46]} 23. b4
{[%clk 0:00:20]} Nd7 {[%clk 0:01:43]} 24. Qb3 {[%clk 0:00:10]} Ne5
{[%clk 0:01:34]} 25. Rc1 {[%clk 0:00:06]} Qb6 {[%clk 0:01:18]} 26. h3
{[%clk 0:00:04]} Qd4 {[%clk 0:01:10]} 27. c5 {[%clk 0:00:03]} dxc5
{[%clk 0:01:08]} 28. bxc5 {[%clk 0:00:04]} Qxe4 {[%clk 0:00:42]} 29. Rd1
{[%clk 0:00:06]} Ra8 {[%clk 0:00:33]} 30. Qc3 {[%clk 0:00:05]} Nc6
{[%clk 0:00:28]} 31. Re1 {[%clk 0:00:04]} Bxc3 {[%clk 0:00:25]} 0-1